| 000 | 01025cam a22003013a 4500 | ||
|---|---|---|---|
| 001 | 1980 | ||
| 003 | PGUSA | ||
| 005 | 20140828083009.0 | ||
| 008 | 060326s2006||||xxu|||||s|||||000 1 eng d | ||
| 040 |
_aPGUSA _beng |
||
| 042 | _adc | ||
| 050 | 4 | _aPR | |
| 245 | 1 | 0 |
_aStories by English Authors : _bAfrica (Selected by Scribners) _h[electronic resource] |
| 260 |
_bProject Gutenberg, _c2006 |
||
| 505 | 0 | _aThe mystery of Sasassa Valley -- Long odds -- King Bemba's Point, a West African story -- Ghamba -- Mary Musgrave -- Gregorio. | |
| 506 | _aPublic domain in the USA. | ||
| 516 | _aElectronic text | ||
| 653 | _aShort stories, English | ||
| 653 | _aAfrica -- Fiction | ||
| 700 | 1 |
_aScully, W. C. _q(William Charles), _d1855-1943 |
|
| 700 | 1 |
_aDoyle, Arthur Conan, _d1859-1930 |
|
| 700 | 1 |
_aAddleshaw, Percy, _d1866-1916 |
|
| 700 | 1 |
_aHaggard, H. Rider _q(Henry Rider), _d1856-1925 |
|
| 700 | 1 | _aLanders, J. | |
| 830 | 0 |
_aProject Gutenberg _v1980 |
|
| 856 | 4 | 0 | _uhttp://www.gutenberg.org/ebooks/1980 |
| 942 | _cEB | ||
| 999 |
_c231321 _d231321 |
||